| 000 | 00000nam##2200000za#4500 |
| 001 | 9.602966 |
| 003 | CaOODSP |
| 005 | 20240212134142 |
| 007 | cr ||||||||||| |
| 008 | 150406|2001||||xxc|||||o f|0| 0 fre|d |
| 040 | |aCaOODSP|bfre |
| 043 | |an-cn--- |
| 086 | 1 |aNE22-1/2001-4F-PDF |
| 110 | 1 |aCanada. |bOffice national de l'énergie. |
| 245 | 10|aDécision et ordonnance relativement à Trans Mountain Pipeline Company Ltd. : |h[ressource électronique]|bdemandes en date du 19 décembre 2000 et du 16 février 2001 visant l'approbation du règlement avec droits incitatifs de 2001-2005 et des droits définitifs pour 2001 |
| 246 | 1 |iTitre de renvoi : |aTrans Mountain Pipeline Company Ltd. règlement avec droits incitatifs de 2001-2005 : droits de TMPL pour 2001-2005 |
| 260 | |aCalgary - Alberta : |bOffice national de l'énergie |cMars 2001. |
| 300 | |a55p.|btableaux |
| 490 | 1 |aMotifs de décision |
| 500 | |aLe nº de catalogue (NE22-1/2001-4F) et l'ISBN (0-662-86031-4) de l'édition imprimée ont été incorrectement copiés dans cette édition électronique. |
| 590 | |a12-10-Supp|b2012-03-23 |
| 775 | 08|tDecision and order in the matter of Trans Mountain Pipeline Company Ltd. : |w(CaOODSP)9.572621 |
| 776 | 0#|tTrans Mountain Pipeline Company Ltd : |w(CaOODSP)9.625710 |
| 830 | #0|aMotifs de décision (Canada. Office national de l'énergie)|w(CaOODSP)9.500899 |
| 856 | 40|ahttp://publications.gc.ca|qPDF|s405 Ko|uhttps://publications.gc.ca/collections/collection_2011/one-neb/NE22-1-2001-4-fra.pdf |